000
00312nam a2200109 a 4500
005
20200930070800.0
008
110923s2005 000 spa d
020
_a
997477750x
245
0
_a
Guía de desarrollo familiar : contruyendo valores para un mundo mejor.
260
_a
Montevideo,
_c
2005.
999
_c
33599
_d
33599
040
_a
DO-SdBNP